Statistiques concernant Départements Limitrophes de L'Essonne

Cliquez ici pour prendre le quiz!

Statistiques générales

  • Ce quiz a été pris 48 fois
  • Le résultat moyen est 6 sur 6

Statistiques - réponses

Départements% Correct
Yvelines
100%
Loiret
96%
Seine-et-Marne
96%
Val-de-Marne
93%
Hauts-de-Seine
89%
Eure-et-Loir
76%

Distribution des résultats

Percentile par nombre de réponses

% des personnes avec chaque résultat

Votre développement - résultats

Vous n’avez pas pris ce quiz